000 00290nam a2200121 a 4500
008 110104s1989|||| d
100 1 _aLenin, Vladimir Iľjič
245 1 0 _aZobrané spisy./Zv./49
260 _bPravda
_aBratislava
_c1989
020 _c19
041 _aslo
044 _axo
_cSK
999 _c15464
_d15464